01780 2200385 4500001002100000005001500021035002000036008004100056020000900097041000800106082001100114084001700125100002200142245006200164250001100226260008300237300003600320500002000356504002900376520063400405650003001039990002501069990002401094990002401118990002401142990002401166990002601190990002601216990002601242990002601268990002401294990002401318990002701342990002501369INLIS00000000000220220241014032418 a0010-0520002202241014 | 0 ind  a2091 aind a342.02 a342.02/ASS/H0 aJimly Asshiddiqie1 aHukum Acara Pengujian Undang-Undang /cJimly Asshiddiqqie aCet.1. aJakarta :bSekretariat Jenderal dan Kepaniteraan Mahkamah Konstitusi RI,c2005 aXVII, 443 hlm. ; 22 cm ;c22 cm aIndeks : Indeks aBibliografi hlm. 431-436 aBuku ini menguraikan tentang hukum acara pengujian undang-undang yang merupakan salah satu kewenangan MK. Secara runtut dan sistematis memberikan panduan yang utuh jika hendak berperkara di MK khususnya pengujian undang-undang. Buku ini makin penting karena untuk pertama kalinya diuraikan hal ikhwal dan mekanisme kerja peradilan kontitusional yang berhubungan dengan hukum acara pengujian Undang undang. Buku ini terdiri dari 6 bab. Bab I Pengujian Undang-Undang. Bab II Pemohon Dan Permohonan. Bab III Pemeriksaan Dan Pihak-Pihak. Bab IV Alat Bukti Dan Pembuktian. Bab V Putusan Dan Akibat Hukumnya. Bab VI Hakim Dan Panitera. 4a1. Hukum Acara Perkara MK a05874/MKRI-P/IX-2008 a02525/MKRI-P/I-2006 a02529/MKRI-P/I-2006 a02528/MKRI-P/I-2006 a02527/MKRI-P/I-2006 a08671/MKRI-P/XII-2008 a08672/MKRI-P/X11-2008 a08673/MKRI-P/XII-2008 a08674/MKRI-P/XII-2008 a02526/MKRI-P/I-2006 a21069/MKRI-P/V-2011 a03924/MKRI-P/VIII-2006 a22728/MKRI-P/IV-2013